000 00670nam a22002057a 4500
003 OSt
005 20251125100425.0
008 251125b |||||||| |||| 00| 0 eng d
020 _a978-1-4555-4778-4
040 _aDWC-Main lib.
_cOC
082 _aCirc. 792.702 D317s 2011
100 _aDegeneres, Ellen
245 _aSeriously...i'm kidding/
_cEllen Degeneres
260 _aNew York :
_bGrand Central Publishing,
_cc2011.
300 _axii, 219 pages ;
_c17 cm.
650 _a1. DeGeneres, Ellen.
650 _a2. Comedians--United States--Biography.
650 _a3. Television personalitis--United States--Biography.
942 _2ddc
_cBK-CIRC
_hCirc.
_n0
999 _c6200
_d6200